000 00332 a2200157 4500
001 58148
020 _a9788502066991
040 _cAnchieta - Pituba
100 _aPalaoro, V. J.
240 1 0 _aContos caipiras
_lpor
245 1 0 _aContos caipiras
300 _a158
362 0 _a2008
650 4 _aLiteratura juvenil
942 _cBK
999 _c58148
_d58148